| 000 | 01390nam a2200361Ia 4500 | ||
|---|---|---|---|
| 001 | ebr10229865 | ||
| 003 | CaPaEBR | ||
| 006 | m u | ||
| 007 | cr cn||||||||| | ||
| 008 | 080112s2007 enka sb 001 0 eng d | ||
| 020 | _z9780335221653 (hbk.) | ||
| 020 | _z0335221653 (hbk.) | ||
| 020 | _z9780335221646 (pbk.) | ||
| 020 | _z9780335233878 | ||
| 020 | _z0335221645 (pbk.) | ||
| 040 |
_aCaPaEBR _cCaPaEBR |
||
| 035 | _a(OCoLC)245365644 | ||
| 050 | 1 | 4 |
_aHN29 _b.C626 2007eb |
| 082 | 0 | 4 |
_a300.723 _222 |
| 100 | 1 |
_aHawtin, Murray, _d1953- |
|
| 245 | 1 | 0 |
_aCommunity profiling _h[electronic resource] : _ba practical guide / _cMurray Hawtin and Janie Percy-Smith. |
| 250 | _a2nd ed. | ||
| 260 |
_aMaidenhead, Berkshire, England ; _aNew York, NY : _bOpen University Press/McGraw-Hill Education, _c2007. |
||
| 300 |
_ax, 169 p. : _bill. |
||
| 504 | _aIncludes bibliographical references and index. | ||
| 533 |
_aElectronic reproduction. _bPalo Alto, Calif. : _cebrary, _d2009. _nAvailable via World Wide Web. _nAccess may be limited to ebrary affiliated libraries. |
||
| 650 | 0 | _aSocial surveys. | |
| 650 | 0 |
_aCommunities _xResearch. |
|
| 655 | 7 |
_aElectronic books. _2local |
|
| 700 | 1 | _aPercy-Smith, Janie. | |
| 710 | 2 | _aebrary, Inc. | |
| 856 | 4 | 0 |
_uhttp://site.ebrary.com/lib/rucke/Doc?id=10229865 _zAn electronic book accessible through the World Wide Web; click to view |
| 999 |
_c153358 _d153358 |
||